Normal view
MARC view
- Malaysia
Entry Geographic Name
001 - CONTROL NUMBER
- control field: 115
003 - CONTROL NUMBER IDENTIFIER
- control field: OSt
005 - DATE AND TIME OF LATEST TRANSACTION
- control field: 20170413121625.0
008 - FIXED-LENGTH DATA ELEMENTS
- fixed length control field: 170413|| aca||aabn | a|a d
040 ## - CATALOGING SOURCE
- Original cataloging agency: OSt
- Transcribing agency: OSt
151 ## - HEADING--GEOGRAPHIC NAME
- Geographic name: Malaysia
- General subdivision: Foreign economic relations
- General subdivision: Addresses, essays, lectures
670 ## - SOURCE DATA FOUND
- Source citation: Work cat.: (OSt)0: Mahathir Mohamad, Tun, 1925- 41, Globalisation, smart partnership and government /, 2000

PORTAL AKMAL
E-MEL JKDM
AKMAL2U
G-BAM
u-PUSTAKA